[Event "Landesklasse Ost 2024/25"]
[Site "?"]
[Date "2024.10.20"]
[Round "2.1"]
[White "Niederdorfer, Adrian"]
[Black "Besancon, Pascal"]
[Result "0-1"]
[WhiteElo "1876"]
[BlackElo "1859"]
[PlyCount "74"]
[EventDate "2024.09.15"]
[EventType "team-tourn"]
[EventRounds "9"]
[WhiteTeam "SV Empor Erfurt 2"]
[BlackTeam "Schachklub Weida"]

{[%evp 0,74,26,18,29,20,66,63,85,83,79,79,79,72,81,46,45,31,78,76,73,69,56,53,47,45,43,8,-5,-15,-4,-4,0,-21,-26,-20,-21,-26,3,-38,-41,-44,-47,-42,-45,-247,-45,-45,-28,-20,-29,-59,-40,-44,-57,-53,-46,-37,-4,-66,-75,-96,-100,-91,-90,-94,-97,-302,-293,-404,-404,-436,-490,-486,-313,-872,-863]} 1. d4 Nf6 2. Nc3 d6 3. e4 e5 4. dxe5 dxe5 5. Qxd8+ Kxd8 6. Nf3 Bd6 7. Ng5 Ke7 8. Bc4 Be6 9. Nxe6 fxe6 10. Be3 Nbd7 11. O-O-O a6 12. f3 b5 13. Bb3 c5 14. a4 c4 15. Ba2 b4 16. Ne2 Rhc8 17. Kb1 Rab8 18. Nc1 a5 19. Rd2 Nb6 20. Rhd1 Bc5 21. Bxc5+ Rxc5 22. Rd6 Ne8 23. R6d2 Nxa4 24. Rd7+ Kf8 25. Rd8 Rb7 26. R1d7 Rxd7 27. Rxd7 Nb6 28. Rb7 Rc6 29. Ne2 Nd6 30. Ra7 a4 31. Kc1 Nb5 32. Ra5 Nd4 33. Ng3 b3 34. Bb1 c3 35. bxc3 Rxc3 36. Ra6 Rc6 37. Nf1 bxc2 0-1

[Event "Landesklasse Ost 2024/25"]
[Site "?"]
[Date "2024.10.20"]
[Round "2.2"]
[White "Künzel, Andre"]
[Black "Taudte, Stefan"]
[Result "0-1"]
[WhiteElo "1940"]
[BlackElo "1925"]
[PlyCount "160"]
[EventDate "2024.09.15"]
[EventType "team-tourn"]
[EventRounds "9"]
[WhiteTeam "Schachklub Weida"]
[BlackTeam "SV Empor Erfurt 2"]

{[%evp 0,160,19,31,29,30,63,26,67,28,99,93,127,117,109,34,62,43,49,48,63,34,55,29,113,103,152,51,79,89,70,65,77,10,-7,-60,-70,-70,74,10,47,-4,59,-5,19,-14,-30,-28,-47,-47,38,18,99,63,86,68,143,-76,-84,-95,-100,-107,-103,-124,-142,-237,-136,-215,-108,-276,-477,-467,-424,-444,-393,-393,-397,-405,-411,-420,-414,-417,-427,-431,-425,-438,-440,-545,-559,-633,-623,-791,-686,-717,-696,-705,-671,-705,-701,-714,-696,-698,-713,-702,-617,-617,-617,-617,-617,-617,-617,-617,-627,-627,-627,-637,-627,-627,-617,-617,-627,-627,-627,-637,-627,-627,-627,-617,-617,-637,-617,-617,-617,-617,-617,-617,-637,-637,-647,-647,-647,-647,-647,-647,-29978,-29979,-29980,-29983,-29984,-29985,-29982,-29983,-29984,-29987,-29988,-29989,-29990,-29991,-29992,-29993,-29994,-29995,-29996]} 1. d4 Nf6 2. Nf3 c5 3. d5 e6 4. c4 g6 5. Nc3 exd5 6. cxd5 d6 7. Nd2 Bg7 8. e4 O-O 9. Be2 Na6 10. O-O Nc7 11. a4 a6 12. Nc4 Rb8 13. Bg5 b5 14. axb5 axb5 15. Na5 Bd7 16. f3 b4 17. Nb1 Ra8 18. Nd2 Nb5 19. Ndc4 Qc7 20. Re1 Ra7 21. Qd3 Rfa8 22. Nb3 Rxa1 23. Rxa1 Rxa1+ 24. Nxa1 Qa7 25. Nb3 Qa2 26. g4 h6 27. Be3 Nc3 28. Nc1 Nxe2+ 29. Qxe2 Qa6 30. Qc2 Bb5 31. Nd2 Nd7 32. f4 c4 33. Nf3 b3 34. Qd1 Bxb2 35. Nxb3 Qa4 36. Nfd2 cxb3 37. Qxb3 Qxb3 38. Nxb3 Bd3 39. e5 dxe5 40. fxe5 Bxe5 41. Bxh6 Bc4 42. Nd2 Bxd5 43. h4 Nf6 44. h5 Nxg4 45. hxg6 Nxh6 46. gxf7+ Kxf7 47. Kf2 Bc3 48. Nf1 Ke6 49. Ke3 Ke5 50. Kd3 Bd4 51. Nd2 Ng4 52. Nc4+ Bxc4+ 53. Kxc4 Ke4 54. Kb5 Kd5 55. Kb4 Ne3 56. Kb5 Bc5 57. Ka4 Kc4 58. Ka5 Nf5 59. Ka6 Nd6 60. Ka5 Nc8 61. Ka4 Nb6+ 62. Ka5 Bf2 63. Ka6 Kc5 64. Ka5 Bg3 65. Ka6 Bb8 66. Kb7 Be5 67. Ka6 Kc6 68. Ka5 Nd5 69. Ka4 Kc5 70. Ka5 Nb4 71. Ka4 Kc4 72. Ka5 Bc7+ 73. Ka4 Nd3 74. Ka3 Bd8 75. Ka4 Nb2+ 76. Ka3 Kc3 77. Ka2 Kc2 78. Ka3 Be7+ 79. Ka2 Nd3 80. Ka1 Bd6 0-1

[Event "Landesklasse Ost 2024/25"]
[Site "?"]
[Date "2024.10.20"]
[Round "2.3"]
[White "Niebur, Thorben Carl"]
[Black "Schlierf, Andre"]
[Result "0-1"]
[WhiteElo "1782"]
[BlackElo "1744"]
[PlyCount "142"]
[EventDate "2024.09.15"]
[EventType "team-tourn"]
[EventRounds "9"]
[WhiteTeam "SV Empor Erfurt 2"]
[BlackTeam "Schachklub Weida"]

{[%evp 0,142,18,34,71,51,99,55,58,23,38,27,23,17,17,18,18,5,16,-5,-2,-18,25,26,24,23,23,2,-19,-26,-34,-61,-25,-86,-94,-108,-67,-65,-43,-41,-61,-66,-67,-102,-102,-106,-83,-125,-105,-102,-108,-98,-74,-66,-69,-77,-83,-106,-113,-113,-88,-85,-78,-96,-71,-99,-97,-103,-95,-95,-65,-91,-96,-99,-99,-99,-108,-125,-96,-97,-89,-91,-84,-136,-139,-136,-124,-159,-151,-164,-183,-218,-203,-228,-203,-268,-190,-176,-179,-179,-174,-174,-174,-174,-160,-174,-157,-142,-138,-138,-134,-190,-137,-144,-116,-162,-197,-208,-245,-266,-266,-288,-282,-293,-287,-299,-321,-349,-367,-393,-424,-491,-550,-590,-649,-676,-760,-706,-567,-567,-567,-567,-1009,-29983,-29984]} 1. e4 c5 2. Nc3 d6 3. Bb5+ Nd7 4. Bc4 Ne5 5. Be2 g6 6. f4 Nc6 7. Nf3 Bg7 8. O-O Nf6 9. d3 O-O 10. Qe1 Ne8 11. f5 gxf5 12. Qh4 e5 13. Bg5 f6 14. Bh6 Be6 15. g3 Qd7 16. Nd2 Nd4 17. Bd1 Bxh6 18. Qxh6 Qg7 19. Qxg7+ Kxg7 20. exf5 Bxf5 21. Nf3 Bh3 22. Rf2 Rd8 23. Ne4 Bd7 24. Nxd4 cxd4 25. Bh5 Bc6 26. Raf1 Bxe4 27. dxe4 Nc7 28. Rc1 d5 29. Bf3 dxe4 30. Bxe4 b6 31. c3 Ne6 32. cxd4 Rxd4 33. Bf5 Nc5 34. a3 Rf7 35. Rc3 Ne4 36. Bxe4 Rxe4 37. Kg2 Rd4 38. Kf3 h5 39. Ke3 Rfd7 40. Rc6 R4d6 41. Rc3 Kg6 42. h4 f5 43. Re2 Kf6 44. Rf2 e4 45. Rfc2 Ke5 46. Re2 Rd1 47. Rc8 R7d3+ 48. Kf2 Rf3+ 49. Kg2 Rdd3 50. Rg8 Kd4 51. Rg5 Kc4 52. Kh2 Kb3 53. Rxh5 Rxg3 54. Rxf5 Rh3+ 55. Kg2 Rxh4 56. Rb5+ Ka2 57. Rf5 Rdh3 58. Rf7 Rh2+ 59. Kf1 Rh1+ 60. Kf2 R4h2+ 61. Ke3 Rxe2+ 62. Kxe2 a5 63. Rb7 Rh2+ 64. Ke3 Rxb2 65. Kxe4 Kxa3 66. Kd3 b5 67. Kc3 b4+ 68. Kc4 Rc2+ 69. Kb5 b3 70. Kxa5 b2 71. Rb4 Rc5+ 0-1

[Event "Landesklasse Ost 2024/25"]
[Site "?"]
[Date "2024.10.20"]
[Round "2.4"]
[White "Schumann, Robert"]
[Black "Bethge, Johanna"]
[Result "0-1"]
[WhiteElo "1852"]
[BlackElo "1791"]
[PlyCount "76"]
[EventDate "2024.09.15"]
[EventType "team-tourn"]
[EventRounds "9"]
[WhiteTeam "Schachklub Weida"]
[BlackTeam "SV Empor Erfurt 2"]

{[%evp 0,76,18,30,12,14,27,9,30,1,0,-4,-2,18,18,-16,-12,-17,18,32,47,-10,-10,1,12,1,5,-3,-2,-3,-8,11,0,0,21,18,11,-27,-32,0,0,-6,0,0,0,6,0,15,2,2,9,0,0,-1,-3,0,0,0,0,0,0,0,0,-172,-77,-70,-63,-234,-240,-328,-335,-341,-355,-359,-359,-29999,-29998,-29999,-30000]} 1. d4 d5 2. Nf3 Nf6 3. e3 Bf5 4. c4 e6 5. Nc3 c6 6. Bd3 dxc4 7. Bxf5 exf5 8. Ne5 Nd5 9. Nxc4 Nxc3 10. bxc3 Qd5 11. Qb3 b5 12. Ne5 f6 13. Qxd5 cxd5 14. Nd3 Nd7 15. a4 bxa4 16. Rxa4 a5 17. Ke2 Bd6 18. Bd2 Nb6 19. Ra2 Kd7 20. Rha1 a4 21. Nc5+ Bxc5 22. dxc5 Nc4 23. Rxa4 Rxa4 24. Rxa4 Kc6 25. Ra7 g6 26. Ra6+ Kxc5 27. Rxf6 Ra8 28. Be1 Ra2+ 29. Kf1 Ne5 30. f3 Kc4 31. g4 fxg4 32. fxg4 Kd3 33. Rd6 Nxg4 34. Rxd5+ Kxe3 35. Bg3 Kf3 36. Rd3+ Ne3+ 37. Ke1 Ra1+ 38. Kd2 Rd1# 0-1

[Event "Landesklasse Ost 2024/25"]
[Site "?"]
[Date "2024.10.20"]
[Round "2.5"]
[White "Finke, Daniel"]
[Black "Wagner, Uwe"]
[Result "0-1"]
[WhiteElo "1710"]
[BlackElo "1707"]
[PlyCount "104"]
[EventDate "2024.09.15"]
[EventType "team-tourn"]
[EventRounds "9"]
[WhiteTeam "SV Empor Erfurt 2"]
[BlackTeam "Schachklub Weida"]

{[%evp 0,104,18,25,46,46,75,71,77,39,97,40,40,41,69,64,83,75,108,45,42,19,18,-23,-21,-35,-28,-49,-30,-46,-28,-42,-26,-52,-50,-70,-56,-58,-67,-67,-56,-101,-102,-179,-154,-92,-64,-66,-65,-35,-46,-47,-44,-59,-57,-70,-69,-64,-62,-92,-91,-195,-134,-143,-144,-164,-182,-187,-205,-213,-210,-217,-218,-218,-221,-228,-234,-255,-259,-319,-298,-386,-450,-487,-485,-490,-500,-514,-524,-527,-520,-570,-582,-633,-577,-652,-681,-730,-784,-974,-1094,-1522,-1302,-29985,-29986,-29987,-29988]} 1. e4 c5 2. Nf3 d6 3. d4 cxd4 4. Nxd4 a6 5. Be3 Nf6 6. Nc3 e6 7. Be2 Qc7 8. O-O b6 9. Bf3 Bb7 10. Qe2 Nbd7 11. Nb3 Be7 12. Bf4 O-O 13. Rad1 Rad8 14. Rfe1 b5 15. a3 Ne5 16. Bxe5 dxe5 17. Rxd8 Rxd8 18. Qe3 h6 19. Rc1 Ne8 20. Qe1 Nd6 21. Nd2 Bg5 22. Rd1 Nc4 23. Nxc4 Rxd1 24. Qxd1 Qxc4 25. Qd7 Qc6 26. Qxc6 Bxc6 27. Ne2 Kf8 28. Kf1 Bd2 29. b3 Ke7 30. c4 Kd6 31. cxb5 Bxb5 32. Bg4 a5 33. f3 Bc1 34. a4 Bd3 35. Ke1 Be3 36. Nc3 Kc5 37. Nd1 Bc1 38. Nc3 Bc2 39. Na2 Bf4 40. b4+ axb4 41. Nxb4 Kxb4 42. g3 Be3 43. h4 Bxa4 44. Ke2 Bd4 45. f4 Kc3 46. f5 Bd7 47. Bh5 exf5 48. exf5 Bxf5 49. Bxf7 Bg4+ 50. Kf1 e4 51. Bd5 e3 52. Ke1 Be5 0-1

[Event "Landesklasse Ost 2024/25"]
[Site "?"]
[Date "2024.10.20"]
[Round "2.6"]
[White "Heine, Mario"]
[Black "Reuter, Luca Marek"]
[Result "0-1"]
[WhiteElo "1739"]
[BlackElo "1731"]
[PlyCount "50"]
[EventDate "2024.09.15"]
[EventType "team-tourn"]
[EventRounds "9"]
[WhiteTeam "Schachklub Weida"]
[BlackTeam "SV Empor Erfurt 2"]

{[%evp 0,50,18,25,28,5,5,9,11,-12,25,-166,-174,-118,-143,-171,-162,-295,-279,-292,-96,-180,-174,-265,-234,-275,-262,-373,-453,-478,-526,-594,-674,-882,-972,-966,-1046,-1278,-638,-638,-452,-444,-461,-500,-508,-516,-464,-500,-490,-533,-557,-812,-792]} 1. e4 e5 2. Nc3 Nf6 3. Nf3 Nc6 4. Bc4 Nxe4 5. Bxf7+ Kxf7 6. Nxe4 d5 7. Neg5+ Kg8 8. h4 Bg4 9. d3 Qf6 10. c3 h6 11. Qa4 e4 12. Nh2 Bd7 13. Nh3 Ne5 14. Qc2 Nxd3+ 15. Kf1 Bc5 16. Kg1 Bxh3 17. gxh3 Nxf2 18. Kg2 Nxh1 19. Kxh1 Qf2 20. Qxf2 Bxf2 21. Ng4 Bxh4 22. Bf4 Rc8 23. Rg1 Kh7 24. Be5 Rhe8 25. b4 h5 0-1

[Event "Landesklasse Ost 2024/25"]
[Site "?"]
[Date "2024.10.20"]
[Round "2.7"]
[White "Niederdorfer, Mathias"]
[Black "Urban, Bernd"]
[Result "1-0"]
[WhiteElo "1686"]
[BlackElo "1690"]
[PlyCount "63"]
[EventDate "2024.09.15"]
[EventType "team-tourn"]
[EventRounds "9"]
[WhiteTeam "SV Empor Erfurt 2"]
[BlackTeam "Schachklub Weida"]

{[%evp 0,63,18,11,52,25,23,7,-3,1,35,-2,1,-11,-4,-4,-7,-18,4,-6,14,3,7,0,20,-56,24,-3,17,-2,40,10,52,47,72,25,20,14,17,36,19,32,21,28,27,25,25,29,107,108,102,100,101,71,67,27,60,64,80,76,575,583,648,658,664,583]} 1. e4 c5 2. d4 cxd4 3. c3 e5 4. Nf3 Nc6 5. Bc4 Nf6 6. cxd4 Bb4+ 7. Bd2 Bxd2+ 8. Nbxd2 exd4 9. O-O d6 10. Nb3 O-O 11. Re1 Re8 12. Qd2 Ne5 13. Qxd4 Nxf3+ 14. gxf3 Re5 15. Kh1 Rg5 16. Rg1 Nh5 17. Qe3 Rxg1+ 18. Rxg1 Qf6 {[%csl Ge8]} 19. Nd4 Be6 20. Nxe6 fxe6 21. Rg5 g6 22. e5 dxe5 23. Rxe5 Ng7 24. Bxe6+ Kh8 25. Bd5 Rd8 26. Bb3 Rf8 27. Kg2 Nf5 28. Qc3 Nh4+ 29. Kf1 Nxf3 30. Re8 Qxc3 31. Rxf8+ Kg7 32. Rg8+ 1-0

[Event "Landesklasse Ost 2024/25"]
[Site "?"]
[Date "2024.10.20"]
[Round "2.8"]
[White "Lehmann, Volkhard"]
[Black "Günther, Oliver"]
[Result "1/2-1/2"]
[WhiteElo "1563"]
[BlackElo "1737"]
[PlyCount "57"]
[EventDate "2024.09.15"]
[EventType "team-tourn"]
[EventRounds "9"]
[WhiteTeam "Schachklub Weida"]
[BlackTeam "SV Empor Erfurt 2"]

{[%evp 0,57,18,34,85,37,40,30,47,13,46,52,46,7,30,12,17,-3,3,-1,-3,-19,-31,-24,-24,-18,-10,-8,-13,-35,0,0,-13,-21,-13,-36,16,-22,-1,0,19,-9,3,-15,-31,-15,2,0,3,-23,14,-15,-55,-44,-9,-50,-54,-52,-41,-70]} 1. d4 d6 2. Bf4 Nf6 3. e3 g6 4. h3 Bg7 5. Nf3 O-O 6. c3 Nbd7 7. Nbd2 Re8 8. Be2 b6 9. O-O Bb7 10. Qc2 e5 11. dxe5 dxe5 12. Bh2 e4 13. Nd4 a6 14. Rad1 Rc8 15. N4b3 Qe7 16. Nc4 Nc5 17. Rd2 Red8 18. Rfd1 Rxd2 19. Rxd2 Nxb3 20. axb3 Rd8 21. Qd1 Rxd2 22. Qxd2 Nd5 23. Na3 Nf6 24. Bc4 h5 25. Bf4 b5 26. Be2 Nd5 27. Nc2 Nxf4 28. exf4 Bh6 29. g3 1/2-1/2

[Event "Landesklasse Ost 2024/25"]
[Site "?"]
[Date "2024.10.20"]
[Round "2.1"]
[White "Kölpin, Arvid"]
[Black "Greiner, Timo"]
[Result "0-1"]
[WhiteElo "1925"]
[BlackElo "2024"]
[PlyCount "158"]
[EventDate "2024.09.15"]
[EventType "team-tourn"]
[EventRounds "9"]
[WhiteTeam "SSV Vimaria 91 Weimar 2"]
[BlackTeam "SV Thuringia Königsee"]

1. d4 d5 2. Nf3 Nf6 3. e3 Bf5 4. c4 c6 5. Qb3 Qc7 6. Nc3 e6 7. Nh4 Be4 8. Nxe4 Nxe4 9. Nf3 Nd7 10. Bd3 Qa5+ 11. Nd2 Bb4 12. Bxe4 dxe4 13. a3 Bxd2+ 14. Bxd2 Qb6 15. Qc2 f5 16. O-O O-O 17. Bc3 Nf6 18. b4 Qc7 19. f3 exf3 20. gxf3 b5 21. Qb3 Qe7 22. Rf2 Nd7 23. Kh1 Nb6 24. cxb5 cxb5 25. Rg1 Nd5 26. Bb2 Rac8 27. Rfg2 Rf7 28. Qd3 Qc7 29. Qd2 f4 30. e4 Ne3 31. Rc1 Qb7 32. Rg5 Rfc7 33. Rgc5 Nc4 34. Qc3 Rd7 35. Ba1 Rcd8 36. Rd1 Ne3 37. Rd3 Rf7 38. Qb3 Qe7 39. Qa2 Qh4 40. Qe2 a6 41. Rc6 Rf6 42. Rc1 Rg6 43. Rg1 Rxg1+ 44. Kxg1 Qg5+ 45. Kh1 Rc8 46. Rc3 Rxc3 47. Bxc3 Qd8 48. Qd3 Qc7 49. Bd2 Qc2 50. Qxc2 Nxc2 51. Bxf4 Nxa3 52. Bd6 Nc2 53. Bc5 Ne1 54. f4 Nd3 55. Kg2 Nxf4+ 56. Kf3 Nd3 57. Bd6 Kf7 58. Ke3 Nb2 59. Kf4 Kf6 60. Be5+ Ke7 61. Bxg7 Nd3+ 62. Ke3 Nxb4 63. Kd2 Nc6 64. Kc3 Kd6 65. Bf8+ Kc7 66. Bc5 Nd8 67. Kb4 Kc6 68. Be7 Nb7 69. Kc3 a5 70. h3 Nd6 71. Kd3 a4 72. Bf8 a3 73. Kc2 Nxe4 74. Bxa3 Kd5 75. Bb2 Kc4 76. h4 h5 77. Ba1 Nd6 78. Kd2 Nf5 79. Ke2 Nxh4 0-1

[Event "Landesklasse Ost 2024/25"]
[Site "?"]
[Date "2024.10.20"]
[Round "2.2"]
[White "Kreutzmann, Henry"]
[Black "Günther, Arthur"]
[Result "1/2-1/2"]
[WhiteElo "1801"]
[BlackElo "1845"]
[PlyCount "51"]
[EventDate "2024.09.15"]
[EventType "team-tourn"]
[EventRounds "9"]
[WhiteTeam "SV Thuringia Königsee"]
[BlackTeam "SSV Vimaria 91 Weimar 2"]

1. c4 e6 2. Nc3 d5 3. e3 f5 4. Nf3 Nf6 5. b3 Bd6 6. Bb2 O-O 7. g3 c6 8. Bg2 Qe7 9. O-O Nbd7 10. Rc1 dxc4 11. bxc4 e5 12. d3 e4 13. dxe4 fxe4 14. Ng5 Nc5 15. Ba3 Bf5 16. Qc2 Rfe8 17. Rfd1 Nd3 18. Bxd6 Qxd6 19. Ncxe4 Nxe4 20. Nxe4 Bxe4 21. Bxe4 Rxe4 22. Rxd3 Qe6 23. Rd4 Rxd4 24. exd4 Qg4 25. Rd1 Re8 26. Qb3 1/2-1/2

[Event "Landesklasse Ost 2024/25"]
[Site "?"]
[Date "2024.10.20"]
[Round "2.3"]
[White "Günther, Andreas"]
[Black "Möller, Frank"]
[Result "1-0"]
[WhiteElo "2073"]
[BlackElo "1856"]
[PlyCount "87"]
[EventDate "2024.09.15"]
[EventType "team-tourn"]
[EventRounds "9"]
[WhiteTeam "SSV Vimaria 91 Weimar 2"]
[BlackTeam "SV Thuringia Königsee"]

{[%evp 0,87,18,-6,-20,-27,-27,-26,-19,-19,2,-11,-8,-10,-12,1,-2,-21,-17,-8,-10,-8,4,16,4,16,8,15,30,-5,17,30,35,32,45,29,29,25,61,63,96,112,113,122,117,113,149,116,207,197,212,207,202,197,185,185,249,246,232,230,237,245,254,244,262,277,265,265,288,278,278,278,278,288,288,303,315,334,343,442,447,447,459,466,497,537,545,572,573,404]} 1. b3 e5 2. Bb2 Nc6 3. e3 Nf6 4. Bb5 d6 5. Ne2 Be7 6. O-O O-O 7. d4 exd4 8. Bxc6 bxc6 9. Nxd4 Bd7 10. Qf3 c5 11. Nf5 Bxf5 12. Qxf5 Qd7 13. Qd3 Qe6 14. c4 c6 15. Nc3 Ng4 16. h3 Ne5 17. Qe2 f5 18. Rad1 Rf6 19. f4 Nd7 20. Qf3 Rc8 21. e4 Rg6 22. exf5 Qxf5 23. Ne4 Rd8 24. Ng3 Qc2 25. Rf2 Rxg3 26. Rxc2 Rxf3 27. gxf3 Rf8 28. Re2 Kf7 29. f5 Nf6 30. Rde1 Re8 31. Bxf6 Kxf6 32. Re6+ Kf7 33. Kg2 a5 34. R1e2 Kf8 35. Kg3 Kf7 36. Kg4 Kf8 37. h4 Kf7 38. h5 h6 39. f6 gxf6 40. Kf5 d5 41. Rxc6 d4 42. Rc7 Kf8 43. Kg6 f5 44. Kxf5 1-0

[Event "Landesklasse Ost 2024/25"]
[Site "?"]
[Date "2024.10.20"]
[Round "2.4"]
[White "Häusler, Willi"]
[Black "Gräf, Michael"]
[Result "1/2-1/2"]
[WhiteElo "1710"]
[BlackElo "1843"]
[PlyCount "106"]
[EventDate "2024.09.15"]
[EventType "team-tourn"]
[EventRounds "9"]
[WhiteTeam "SV Thuringia Königsee"]
[BlackTeam "SSV Vimaria 91 Weimar 2"]

{[%evp 0,106,18,17,69,27,32,19,38,22,7,-11,18,-43,-38,-29,-33,-45,11,4,18,23,32,10,10,11,9,-17,-10,-34,-28,-22,-16,-21,-11,-16,-13,-10,-11,-13,-1,-7,-7,0,-9,-76,-15,-17,0,4,-23,-10,19,-5,0,0,-4,-1,21,11,118,136,134,113,127,73,62,58,75,30,96,46,46,47,21,27,28,0,0,26,25,25,4,0,0,6,0,1,104,0,0,0,0,0,0,0,20,20,0,0,0,0,0,0,0,0,0,0,0]} 1. e4 c6 2. c4 d5 3. cxd5 cxd5 4. exd5 Nf6 5. Nc3 Nxd5 6. Nxd5 Qxd5 7. Nf3 e5 8. d4 exd4 9. Qxd4 Qxd4 10. Nxd4 Bb4+ 11. Bd2 Bxd2+ 12. Kxd2 O-O 13. Kc3 Bd7 14. Bc4 Nc6 15. Bd5 Rac8 16. Nxc6 Bxc6 17. Bxc6 Rxc6+ 18. Kb3 Rfc8 19. Rad1 g6 20. Rd2 Rb6+ 21. Ka3 Rc5 22. b4 Rc3+ 23. Kb2 Rc4 24. a3 a5 25. Kb3 Rg4 26. g3 axb4 27. a4 Re4 28. Rc1 Kf8 29. Rc7 Ree6 30. Rdd7 Rf6 31. f4 g5 32. a5 Rb5 33. fxg5 Rff5 34. g4 Rf3+ 35. Ka4 Rxg5 36. Rxb7 Rxg4 37. Rxb4 Rg2 38. Rd5 Rxh2 39. Kb5 Ra2 40. Ra4 Rb3+ 41. Kc4 Rxa4+ 42. Kxb3 Ra1 43. Kb4 Kg7 44. Rd3 f5 45. Kb5 Kg6 46. Kb6 Kg5 47. a6 Kg4 48. a7 f4 49. Rd8 f3 50. Rg8+ Kh4 51. Rf8 Kg3 52. Rg8+ Kh4 53. Rf8 Kg3 1/2-1/2

[Event "Landesklasse Ost 2024/25"]
[Site "?"]
[Date "2024.10.20"]
[Round "2.5"]
[White "Aweh, Mads"]
[Black "Steiger, Bernd"]
[Result "1/2-1/2"]
[WhiteElo "1746"]
[BlackElo "1783"]
[PlyCount "47"]
[EventDate "2024.09.15"]
[EventType "team-tourn"]
[EventRounds "9"]
[WhiteTeam "SSV Vimaria 91 Weimar 2"]
[BlackTeam "SV Thuringia Königsee"]

{[%evp 0,47,18,17,13,17,17,17,35,8,15,42,39,37,36,36,36,38,36,36,21,31,43,39,42,42,36,43,37,40,60,48,53,43,58,42,49,49,48,42,46,48,44,17,11,12,12,9,9,5]} 1. e4 e5 2. Nf3 Nc6 3. Bc4 Be7 4. O-O Nf6 5. d4 d6 6. dxe5 Nxe5 7. Nxe5 dxe5 8. Qxd8+ Bxd8 9. Nc3 c6 10. Be3 O-O 11. a4 Re8 12. a5 Be6 13. Bxe6 Rxe6 14. f3 Be7 15. Rfd1 Rd6 16. Rxd6 Bxd6 17. Ne2 Kf8 18. Nc1 Ke7 19. Nd3 Nd7 20. b4 a6 21. Nc5 Bxc5 22. bxc5 Kd8 23. Kf2 Kc7 24. Rd1 1/2-1/2

[Event "Landesklasse Ost 2024/25"]
[Site "?"]
[Date "2024.10.20"]
[Round "2.6"]
[White "Margraf, Moritz"]
[Black "Roth, Andreas Christian"]
[Result "1-0"]
[WhiteElo "1522"]
[BlackElo "1535"]
[PlyCount "110"]
[EventDate "2024.09.15"]
[EventType "team-tourn"]
[EventRounds "9"]
[WhiteTeam "SV Thuringia Königsee"]
[BlackTeam "SSV Vimaria 91 Weimar 2"]

{[%evp 0,110,18,28,14,16,22,9,9,18,15,-7,43,16,7,6,6,9,2,-3,-4,-33,-6,-8,79,11,92,94,103,130,114,103,209,164,207,189,186,178,303,340,385,387,374,320,372,361,535,468,1067,1078,1182,820,789,875,899,957,957,518,535,592,587,621,615,562,767,779,838,495,513,409,423,461,624,634,660,395,398,375,439,437,486,421,429,439,439,391,409,415,405,678,708,721,742,738,783,731,859,867,1003,771,952,665,711,700,820,661,665,737,778,772,799,924,29979]} 1. d4 d5 2. Nf3 Nf6 3. e3 e6 4. Bd3 c5 5. b3 b6 6. Bb2 Bb7 7. Nbd2 Nbd7 8. O-O Bd6 9. Ne5 O-O 10. f4 Rc8 11. Qe1 Bxe5 12. fxe5 Ng4 13. Qg3 h5 14. h3 Nh6 15. Rf4 c4 16. bxc4 dxc4 17. Nxc4 Nf5 18. Bxf5 exf5 19. Nd6 Rc7 20. Nxb7 Rxb7 21. Rxf5 Qc8 22. c3 Nc5 23. Rxh5 Nd3 24. Qh4 f6 25. Rh8+ Kf7 26. Qh5+ Ke6 27. Qg4+ Kd5 28. Qxc8 Rxc8 29. Rxc8 Nxb2 30. Rb1 Nd3 31. Rb5+ Ke4 32. exf6 Kxe3 33. fxg7 Rxg7 34. Re8+ Kd2 35. Rf8 Kxc3 36. Rb3+ Kc2 37. Rc8+ Kd2 38. Rbc3 Ne1 39. g4 Rd7 40. R3c7 Rxd4 41. Rxa7 Rd3 42. Rf8 Rg3+ 43. Kf2 Rxh3 44. Rd7+ Nd3+ 45. Kg2 Re3 46. Rfd8 Re2+ 47. Kh3 Ke1 48. Rxd3 Rxa2 49. Rd1+ Ke2 50. Rb1 Ra6 51. Rd6 Kf3 52. Rdxb6 Ra5 53. R1b3+ Kf2 54. R6b5 Ra8 55. g5 Rg8 1-0

[Event "Landesklasse Ost 2024/25"]
[Site "?"]
[Date "2024.10.20"]
[Round "2.8"]
[White "Müller, Finn"]
[Black "Eitner, Henrik"]
[Result "1-0"]
[WhiteElo "1374"]
[BlackElo "1275"]
[PlyCount "29"]
[EventDate "2024.09.15"]
[EventType "team-tourn"]
[EventRounds "9"]
[WhiteTeam "SV Thuringia Königsee"]
[BlackTeam "SSV Vimaria 91 Weimar 2"]

{[%evp 0,29,16,28,79,69,76,35,37,41,67,39,42,33,38,30,115,21,72,10,60,-5,151,133,133,133,143,25,25,25,29997,29998]} 1. e4 c6 2. d4 d5 3. Nc3 dxe4 4. Nxe4 Bf5 5. Ng3 Bg6 6. Nf3 Nd7 7. h4 e6 8. Bc4 Ngf6 9. Qe2 Be7 10. c3 Qc7 11. h5 Bf5 12. Nxf5 exf5 13. Bxf7+ Kxf7 14. Ng5+ Kg8 15. Qe6+ 1-0

[Event "Landesklasse Ost 2024/25"]
[Site "?"]
[Date "2024.10.20"]
[Round "2.1"]
[White "Bilek, Michael"]
[Black "Tobal, Elias"]
[Result "1/2-1/2"]
[WhiteElo "2146"]
[BlackElo "1955"]
[PlyCount "78"]
[EventDate "2024.09.15"]
[EventType "team-tourn"]
[EventRounds "9"]
[WhiteTeam "SG Arnstadt-Stadtilm"]
[BlackTeam "SC Turm Erfurt"]

1. d4 Nf6 2. Nf3 d6 3. Nc3 d5 4. g3 Bf5 5. Bg2 e6 6. Nh4 Bg4 7. h3 Bh5 8. g4 Bg6 9. Nxg6 hxg6 10. g5 Ng8 11. e4 c6 12. h4 Nd7 13. h5 gxh5 14. Rxh5 Rxh5 15. Qxh5 g6 16. Qh7 Ne7 17. Bf4 dxe4 18. Nxe4 Nf5 19. O-O-O Qa5 20. Kb1 Be7 21. c4 Nf8 22. Qh1 O-O-O 23. d5 exd5 24. cxd5 Rxd5 25. Rxd5 cxd5 26. Nc3 Bd6 27. Bxd6 Nxd6 28. Qh8 Qd8 29. Nxd5 Ne6 30. Qc3+ Kb8 31. f4 a6 32. Qe5 Ka7 33. Bh3 Nc7 34. Qd4+ Kb8 35. Nb6 Qe7 36. a4 Qe4+ 37. Qxe4 Nxe4 38. Nd7+ Ka7 39. Ne5 Nd6 1/2-1/2

[Event "Landesklasse Ost 2024/25"]
[Site "?"]
[Date "2024.10.20"]
[Round "2.2"]
[White "McLeod, Andrew"]
[Black "Buring, Matthias"]
[Result "1-0"]
[WhiteElo "1838"]
[BlackElo "1980"]
[PlyCount "83"]
[EventDate "2024.09.15"]
[EventType "team-tourn"]
[EventRounds "9"]
[WhiteTeam "SC Turm Erfurt"]
[BlackTeam "SG Arnstadt-Stadtilm"]

1. e4 e5 2. Nf3 d5 3. Nxe5 Bd6 4. d4 dxe4 5. Bc4 Bxe5 6. Qh5 Qe7 7. Qxe5 Qxe5 8. dxe5 Nc6 9. Nc3 Nxe5 10. Bb3 Nf6 11. O-O O-O 12. Bf4 Ng6 13. Bxc7 Bd7 14. Nd5 Bc6 15. Ne3 Rac8 16. Ba5 h5 17. Rad1 Rfe8 18. Rd6 Nf4 19. Rfd1 b6 20. Be1 a5 21. a4 Re7 22. g3 Nh3+ 23. Kg2 Ng5 24. h4 Nf3 25. Bc3 Ne8 26. Nf5 Rb7 27. Rxc6 Rxc6 28. Rd8 Kh7 29. Rxe8 Rd7 30. Rxe4 Nd2 31. Bxd2 Rxd2 32. Nd4 Rf6 33. Nf3 Rd8 34. Re7 Kg6 35. Bxf7+ Kh6 36. Bc4 Rdf8 37. Bd5 Rd8 38. c4 Rdf8 39. Re2 Rc8 40. Ng5 Rb8 41. Re7 Rff8 42. Bf7 1-0